Animal A-Z - Statistics

General Stats
  • This quiz has been taken 13 times
  • The average score is 6 of 26
Answer Stats
Hint Answer % Correct
D Dog
60%
L Lion
50%
Y Yak
50%
E Elephant
40%
K Kangaroo
40%
O Octopus
40%
A Antelope
30%
B Bat
30%
C Cheetah
30%
G gorilla
30%
P Penguin
20%
R Rat
20%
s Snake
20%
U Urchin
20%
V Vampire bat
20%
W Watter Buffalo
20%
X Xenon
20%
Z Zedonk
20%
F fruit bat
10%
H Hyena
10%
i Iguana
10%
J Jaguar
10%
M Magpie
10%
N Narwhal
10%
Q Quoll
10%
T Tasmanian Devil
10%
No matching quizzes found
Score Distribution
Percent of People with Each Score
Percentile by Number Answered
Your Score History
You have not taken this quiz